Gould's Pathophysiology for the Health Professions (Record no. 2126)

MARC details
000 -LEADER
fixed length control field 00371nam a22001457a 4500
008 - FIXED-LENGTH DATA ELEMENTS--GENERAL INFORMATION
fixed length control field 250306b |||||||| |||| 00| 0 eng d
020 ## - INTERNATIONAL STANDARD BOOK NUMBER
ISBN 9780323414425
100 ## - MAIN ENTRY--AUTHOR
Author Hubert Robert J.
245 ## - TITLE STATEMENT
Title Gould's Pathophysiology for the Health Professions
250 ## - EDITION STATEMENT
Edition statement 6th
260 ## - PUBLICATION, DISTRIBUTION, ETC. (IMPRINT)
Place of publication Missouri
Name of publisher Elsevier
Date of publication 2018
300 ## - COLLATION
Pagination xviii,681p
942 ## - ADDED ENTRY ELEMENTS (KOHA)
Item type Books
050 ## - LIBRARY OF CONGRESS CALL NUMBER
Classification number RB113
Item number .G68
Holdings
Source of classification or shelving scheme Not for loan Permanent location Current location Date acquired Accession No. Full call number Barcode. Koha item type
Library of Congress Classification   Samuel Ogbemudia Main Library, University of Abuja Samuel Ogbemudia Main Library, University of Abuja 03/06/2025 2024/64101 RB113.G68 2025-0316 Books